00265nam a2200097Ia 4500008004000000082001700040100001500057245003000072260005700102300000800159210210b2000 xxu||||| |||| 00| 0 eng d a338.954 PAIO aPAI (T A). aOur present day problems. aNDbThe Indian bureau of parliamentary studiesc2000 a156